[Event "EU Union-ch U14 20th"]
[Site "Mureck"]
[Date "2023.08.09"]
[Round "9"]
[White "Poetscher, Katharina"]
[Black "Plard, Axel"]
[Result "0-1"]
[WhiteElo "1277"]
[BlackElo "1561"]
[PlyCount "102"]
[EventDate "2023.08.02"]
[EventType "swiss"]
[EventRounds "9"]
[EventCountry "AUT"]
[SourceTitle "EXT 2024"]
[Source "ChessBase"]
[SourceDate "2023.10.10"]
[SourceVersion "1"]
[SourceVersionDate "2023.10.10"]
[SourceQuality "1"]

1. e4 c5 2. c3 d5 3. exd5 Qxd5 4. d4 Nc6 5. Nf3 e6 6. Be3 Nf6 7. Nbd2 cxd4 8. Nxd4 a6 9. N2f3 Be7 10. Bd3 b5 11. 0-0 0-0 12. Qc2 Bb7 13. Rfd1 Ne5 14. Bf1 Nxf3+ 15. Nxf3 Qh5 16. Be2 Ng4 17. Bf4 Qc5 18. Bg3 f5 19. Nd4 Qb6 20. Bxg4 fxg4 21. Re1 Bd5 22. Qe2 Bc5 23. Qxg4 Bxd4 24. Qxd4 Qxd4 25. cxd4 Rac8 26. Re2 Rc4 27. Be5 Rfc8 28. h3 Rc1+ 29. Rxc1 Rxc1+ 30. Kh2 Bxa2 31. Rd2 b4 32. Bd6 b3 33. Bb4 Rc2 34. Kg3 Kf7 35. h4 Rxd2 36. Bxd2 Ke7 37. Kf4 Kd6 38. Ke4 Bb1+ 39. Kf4 Kd5 40. Bc3 Bd3 41. g3 Kc6 42. Ke5 Bc4 43. g4 Kb5 44. Kd6 a5 45. Ke7 a4 46. Kf8 Bd5 47. Kxg7 Kc4 48. Kxh7 a3 49. bxa3 Kxc3 50. g5 b2 51. g6 b1Q 0-1